Statistics for LEGO set--What theme?

Click here to take the quiz!

General Stats

  • This quiz has been taken 22 times
  • The average score is 10 of 16

Answer Stats

Answer% Correct
Minecraft
90%
Star Wars
90%
Ninjago
85%
Marvel
80%
Technic
80%
City
75%
Friends
75%
Disney
70%
Architecture
60%
Botanical Collection
60%
Creator
50%
Super Mario
50%
Art
45%
Speed Champions
45%
DreamZzz
35%
Classic
20%

Score Distribution

Percentile by Number Answered

Percent of People with Each Score

Your Score History

You have not taken this quiz